The Americans ; ways of life and thought /

Bibliographic Details
Corporate Author: British Broadcasting Corporation
Other Authors: Agar, Herbert, 1897-1980
Format: Book
Language:English
Published: London : Cohen & West, [1956]
Subjects:

MARC

Tag First Indicator Second Indicator Subfields
LEADER 00000cam a2200000 4500
001 in00000712112
005 20151016063013.0
008 750911s1956 enka b 00000 eng
010 |a  56034667  
035 |a (OCoLC)01619196 
035 |9 ADD6009AM 
040 |a DLC  |c FBA  |d TXA  |d UtOrBLW 
049 |a TXAM  |c [362492] 
050 0 |a E169.1  |b .B7965 
082 0 |a 917.3 
092 |a 917.3  |b B863a 
110 2 |a British Broadcasting Corporation. 
245 1 4 |a The Americans ;  |b ways of life and thought /  |c [broadcast talks] by Herbert Agar [and others]. 
264 1 |a London :  |b Cohen & West,  |c [1956] 
300 |a 125 pages :  |b illustrations ;  |c 19 cm. 
336 |a text  |b txt  |2 rdacontent 
337 |a unmediated  |b n  |2 rdamedia 
338 |a volume  |b nc  |2 rdacarrier 
504 |a Includes bibliography. 
651 0 |a United States  |x Civilization. 
700 1 |a Agar, Herbert,  |d 1897-1980. 
999 |a MARS 
999 f f |s a7b13c01-6a82-36cd-a60e-e098f1c749ca  |i d2280c76-7aeb-3cef-b082-3dbd5ee1e9d7  |t 0 
952 f f |p ric  |a Texas A&M University  |b Rellis Campus  |c Joint Library Facility  |d Remote Storage  |t 0  |e E169.1 B7965  |h Library of Congress classification  |i unmediated -- volume  |m A14801430352 
998 f f |a E169.1 B7965  |t 0  |l Remote Storage